| 000 | 00914 a2200253 4500 | ||
|---|---|---|---|
| 003 | Nust | ||
| 005 | 20170207170817.0 | ||
| 010 | _a 2006100601 | ||
| 020 | _a0123735807 (casebound : alk. paper) | ||
| 020 | _a9780123735805 (casebound : alk. paper) | ||
| 035 | _a(OCoLC)76902044 | ||
| 035 | _a(OCoLC)ocm76902044 | ||
| 040 | _cNust | ||
| 082 | 0 | 0 | _a621.3821 |
| 100 | 1 | _aGarg, Vijay Kumar, | |
| 245 | 1 | 0 |
_aWireless communications and networking (EBOOK) _cVijay K. Garg. |
| 260 |
_aAmsterdam ; _aBoston : _bElsevier Morgan Kaufmann, _cc2007. |
||
| 300 |
_axxvii, 821 p. : _bill. ; _c25 cm. |
||
| 440 | 4 | _aThe Morgan Kaufmann series in networking | |
| 650 | 0 | _aWireless communication systems. | |
| 650 | 0 | _aWireless LANs. | |
| 856 | 4 | 1 |
_3Publisher description _uhttp://www.loc.gov/catdir/enhancements/fy0707/2006100601-d.html |
| 856 | 4 | 1 |
_3Table of contents only _uhttp://www.loc.gov/catdir/toc/ecip076/2006100601.html |
| 942 |
_2ddc _cBK |
||
| 999 |
_c215692 _d215692 |
||